| 000 | 01371nam0a22002771 4500 | ||
|---|---|---|---|
| 001 | rc\3171802 | ||
| 005 | 20260407185735.0 | ||
| 021 |
_aRU _b[76-31317] |
||
| 035 | _a(NLR Aleph) 007329128 | ||
| 090 |
_a5990769 _c5990769 |
||
| 100 | _a20120615d1976 |||y0rusy50 ca | ||
| 101 | 0 | _arus | |
| 102 | _aRU | ||
| 105 | _ay z ||||| | ||
| 200 | 1 |
_aСанитарно-химическое исследование резин, изготовленных на основе изопренового каучука с предназначенных для средств индивидуальной защиты контактирующих с кожных покровом _eМетод. рекомендации _f[Сост. А.П. Климова, Н.И. Слепак] _gМ-во здравоохранения РСФСР, Гл. сан.-эпидемиол. упр. |
|
| 210 |
_aМосква _cБ. и. _d1976 |
||
| 215 |
_a21 с. _d21 |
||
| 606 |
_aРезина _xТоксикологические исследования _2psbo |
||
| 702 | 1 |
_aКлимова _bА.П. _4220 |
|
| 702 | 1 |
_aСлепак _bН.И. _4220 |
|
| 712 | 0 | 1 |
_aРСФСР _bГлавное санитарно-эпидемиологическое управление _3RU\NLR\AUTH\8810122227 _9742489 |
| 801 | 0 |
_aRU _bNLR _gpsbo |
|
| 801 | 1 |
_aRU _bELAR _2rusmarc |
|
| 852 |
_aNLR _j76-6/5656 |
||
| 942 | _cBOOK | ||
| 980 | _aNB | ||